Aasay Pasay / (Record no. 525676)

000 -LEADER
fixed length control field 00515nam a22001937a 4500
003 - CONTROL NUMBER IDENTIFIER
control field NUST
005 - DATE AND TIME OF LATEST TRANSACTION
control field 20190704045128.0
008 - FIXED-LENGTH DATA ELEMENTS--GENERAL INFORMATION
fixed length control field 190704b ||||| |||| 00| 0 eng d
038 ## - RECORD CONTENT LICENSOR
Staff Name Waseem
082 ## - DEWEY DECIMAL CLASSIFICATION NUMBER
Classification number 891.427
Author Mark BAN
100 ## - MAIN ENTRY--PERSONAL NAME
Personal name Qudsia, Bano
9 (RLIN) 8994
245 ## - TITLE STATEMENT
Title Aasay Pasay /
Statement of responsibility, etc. Qudsia Bano
260 ## - PUBLICATION, DISTRIBUTION, ETC.
Place of publication, distribution, etc. Lahore :
Name of publisher, distributor, etc. Sang - e - Meel Publication,
Date of publication, distribution, etc. 2002.
300 ## - PHYSICAL DESCRIPTION
Extent 296 p. :
500 ## - GENERAL NOTE
General note Paperback.
880 ## - ALTERNATE GRAPHIC REPRESENTATION
Linkage 100-01\r
Title بانو قدسیہ
880 ## - ALTERNATE GRAPHIC REPRESENTATION
Linkage 245-02\r
Title آسے پاسے /
942 ## - ADDED ENTRY ELEMENTS (KOHA)
Source of classification or shelving scheme
Koha item type Book
Holdings
Withdrawn status Lost status Source of classification or shelving scheme Damaged status Not for loan Permanent Location Current Location Date acquired Total Checkouts Full call number Barcode Date last seen Date last checked out Price effective from Koha item type
          Central Library (CL) Central Library (CL) 07/04/2019 5 891.427 BAN CL-E-198 10/26/2025 06/26/2025 07/04/2019 Book
© 2023 Central Library, National University of Sciences and Technology. All Rights Reserved.